[Event "ICS rated blitz match"]
[Site "204.178.125.65"]
[Date "2000.08.28"]
[Round "?"]
[White "Valg"]
[Black "Hossa"]
[Result "1-0"]
[WhiteElo "2558"]
[BlackElo "2502"]
[PlyCount "149"]
[EventDate "2000.??.??"]

1. e4 e5 2. Nc3 Nf6 3. Bc4 Nc6 4. d3 Bc5 5. f4 d6 6. Nf3 Ng4 7. Ng5 O-O 8. f5
Bf2+ 9. Kf1 Ne3+ 10. Bxe3 Bxe3 11. Nf3 Na5 12. Nd5 Nxc4 13. dxc4 Bh6 14. Qd3 c6
15. Nc3 Qb6 16. Rb1 Rd8 17. Ke1 Be3 18. Na4 Qa5+ 19. Nc3 Bc5 20. Ke2 Bd7 21. a3
Bb6 22. Qxd6 Bxf5 23. Qxe5 Be6 24. Qxa5 Bxc4+ 25. Ke1 Bxa5 26. Nd2 Ba6 27. Nb3
Bb6 28. Na4 Re8 29. Nbc5 f5 30. Kf2 fxe4 31. Ke3 Bc4 32. Nxb6 axb6 33. Nxb7 Re6
34. Rbd1 Bd5 35. Rd4 Rb8 36. c4 Bxc4 37. Rxc4 Rxb7 38. Rhc1 c5 39. Rxe4 Rxe4+
40. Kxe4 Re7+ 41. Kd3 g6 42. Rf1 b5 43. b3 Ra7 44. Ra1 Rd7+ 45. Kc3 Re7 46. Kd3
Rd7+ 47. Kc3 Re7 48. Rd1 Re3+ 49. Rd3 Re2 50. Rd5 Re3+ 51. Kc2 Re2+ 52. Rd2 Re1
53. g3 Kf7 54. Rd7+ Re7 55. Rxe7+ Kxe7 56. a4 bxa4 57. bxa4 Kd6 58. Kc3 Kd5 59.
a5 Kd6 60. Kc4 Kc6 61. h3 h6 62. h4 h5 63. a6 Kb6 64. a7 Kc6 65. a8=Q+ Kc7 66.
Qe8 Kb7 67. Qxg6 Kc7 68. Qxh5 Kd7 69. Qe5 Kd8 70. h5 Kd7 71. h6 Kc6 72. h7 Kb7
73. Qxc5 Ka6 74. h8=Q Kb7 75. Qhc8# {Hossa checkmated} 1-0

[Event "ICS rated standard match"]
[Site "204.178.125.65"]
[Date "2000.08.28"]
[Round "?"]
[White "Hossa"]
[Black "BMG"]
[Result "1-0"]
[WhiteElo "2254"]
[BlackElo "1900"]
[PlyCount "81"]
[EventDate "2000.??.??"]

1. d4 d5 2. Nf3 e6 3. g3 Nf6 4. Bg2 c5 5. O-O cxd4 6. Nxd4 Be7 7. c4 O-O 8.
cxd5 Nxd5 9. e4 Nb4 10. Nc3 N8c6 11. Nxc6 Nxc6 12. Be3 Qa5 13. Qe2 Bd7 14. Rfd1
Rfd8 15. Rac1 Be8 16. Qb5 h6 17. Rxd8 Rxd8 18. Qxa5 Nxa5 19. Bxa7 Rd2 20. Rb1
Nc4 21. e5 b5 22. Bf1 Nxe5 23. Bxb5 Bxb5 24. Nxb5 Nd3 25. a4 Bb4 26. b3 e5 27.
Nc7 Ba5 28. Na6 Nb4 29. Nc5 f5 30. Nb7 Bc7 31. Be3 Rc2 32. Rc1 Rxc1+ 33. Bxc1
Nd3 34. Bd2 f4 35. a5 Bb8 36. Kg2 g5 37. b4 Kf8 38. b5 Ke8 39. a6 Kd7 40. b6
Kc6 41. Ba5 {BMG resigns} 1-0

[Event "ICS rated blitz match"]
[Site "204.178.125.65"]
[Date "2000.08.28"]
[Round "?"]
[White "Hossa"]
[Black "PostModernist"]
[Result "0-1"]
[WhiteElo "2489"]
[BlackElo "2670"]
[PlyCount "128"]
[EventDate "2000.??.??"]

1. d4 Nf6 2. c4 c5 3. d5 g6 4. Nc3 Bg7 5. e3 O-O 6. Bd3 e6 7. Nf3 d6 8. O-O
exd5 9. cxd5 Na6 10. Bxa6 bxa6 11. e4 Re8 12. Qc2 Rb8 13. Bf4 Bg4 14. Ng5 h6
15. Nf3 Bxf3 16. gxf3 Nh5 17. Bg3 Qg5 18. Rab1 Nf4 19. h4 Qf6 20. Qd2 Nh5 21.
Qe3 Qe7 22. Qd2 Kh7 23. Qd3 Bd4 24. Kh2 Be5 25. Kh3 Rb6 26. Qd2 Bf6 27. Rg1
Reb8 28. b3 c4 29. Na4 Rb4 30. Qe3 Nxg3 31. Kxg3 Bxh4+ 32. Kg2 Qg5+ 33. Kh3
Qxe3 34. fxe3 Bf2 35. Rg2 Bxe3 36. Re1 Bd4 37. Nb2 cxb3 38. a3 R4b5 39. Rd1
Bxb2 40. Rxb2 Ra5 41. Ra1 f5 42. exf5 gxf5 43. Rc1 Rxa3 44. Rc7+ Kg6 45. Rxa7
Rb5 46. Rd7 Rxd5 47. Rg2+ Kh5 48. Rb7 Rb5 49. Rxb5 axb5 50. Rb2 Kg5 51. Kg3 f4+
52. Kh3 Kf5 53. Rb1 b4 54. Rb2 d5 55. Rb1 d4 56. Rb2 d3 57. Rd2 Ra1 58. Rb2 h5
59. Rh2 Rd1 60. Rb2 d2 61. Rxb3 Rh1+ 62. Kg2 d1=Q 63. Rb1 Qxb1 64. Kf2 Qc2# {
Hossa checkmated} 0-1

[Event "ICS rated blitz match"]
[Site "204.178.125.65"]
[Date "2000.08.28"]
[Round "?"]
[White "PostModernist"]
[Black "Hossa"]
[Result "1-0"]
[WhiteElo "2678"]
[BlackElo "2481"]
[PlyCount "167"]
[EventDate "2000.??.??"]

1. d4 Nf6 2. c4 e6 3. Nf3 b6 4. g3 Bb7 5. Bg2 Be7 6. O-O O-O 7. Nc3 Ne4 8. Nxe4
Bxe4 9. Nh4 f5 10. Bxe4 fxe4 11. Ng2 d5 12. Be3 Nc6 13. Qc2 Qe8 14. Rfc1 Nb4
15. Qc3 Qf7 16. a3 Na6 17. cxd5 exd5 18. Qc6 Rac8 19. Qb7 Nb8 20. Rxc7 Rxc7 21.
Qxc7 Bf6 22. Qxf7+ Kxf7 23. Rc1 Ke7 24. Rc7+ Kd6 25. Bf4+ Ke6 26. Rxa7 Bxd4 27.
Be3 Bxb2 28. Nf4+ Kd6 29. Bxb6 Rc8 30. Ra5 Rc1+ 31. Kg2 Kc6 32. Be3 Rc2 33.
Rxd5 Bxa3 34. Rd8 Bd6 35. Rc8+ Bc7 36. Rg8 Nd7 37. Ne6 Kd6 38. Nxc7 Kxc7 39.
Bf4+ Kb6 40. Rxg7 Nf8 41. Rf7 Ne6 42. Be3+ Kc6 43. Kf1 Nc7 44. Rxh7 Nd5 45. h4
Nxe3+ 46. fxe3 Rc1+ 47. Kf2 Rh1 48. g4 Rh3 49. g5 Kd5 50. g6 Ke6 51. h5 Rh2+
52. Kg1 Rh4 53. g7 Kf7 54. h6 Rg4+ 55. Kf2 Kf6 56. Rh8 Rxg7 57. hxg7 Kxg7 58.
Rf8 Kg6 59. Kg3 Kg7 60. Rf7+ Kg8 61. Kf4 Kxf7 62. Kxe4 Ke6 63. Kf4 Kd5 64. e4+
Kd6 65. e3 Ke6 66. e5 Ke7 67. Kf5 Kf7 68. e4 Ke7 69. e6 Ke8 70. Kf6 Kf8 71. e5
Ke8 72. e7 Kd7 73. Kf7 Kc6 74. e8=Q+ Kd5 75. e6 Kc4 76. Qa4+ Kd3 77. e7 Ke3 78.
e8=Q+ Kf3 79. Qed7 Kg3 80. Qe6 Kf3 81. Qf5+ Kg3 82. Qag4+ Kh2 83. Qfg6 Kh1 84.
Qh7# {Hossa checkmated} 1-0

[Event "ICS rated blitz match"]
[Site "204.178.125.65"]
[Date "2000.08.28"]
[Round "?"]
[White "Hossa"]
[Black "PostModernist"]
[Result "0-1"]
[WhiteElo "2473"]
[BlackElo "2686"]
[PlyCount "106"]
[EventDate "2000.??.??"]

1. d4 Nf6 2. c4 g6 3. Nc3 d5 4. Qb3 dxc4 5. Qxc4 Bg7 6. e4 O-O 7. Nf3 a6 8. Bf4
b5 9. Qxc7 Qxc7 10. Bxc7 Bb7 11. e5 Nd5 12. Nxd5 Bxd5 13. Bd3 Nc6 14. Bb6 f6
15. e6 Nb4 16. Bb1 Rfc8 17. Bc5 f5 18. a3 Nc6 19. Ba2 Bxa2 20. Rxa2 Nxd4 21. b4
Nxf3+ 22. gxf3 Rc6 23. Re2 Bd4 24. O-O Bxc5 25. bxc5 Rxc5 26. Rd1 Kg7 27. Kg2
Rc3 28. Re3 Rac8 29. Rd7 Kf6 30. Ra7 Rxe3 31. fxe3 Rc6 32. e4 fxe4 33. fxe4
Kxe6 34. Kg1 g5 35. Kf2 h5 36. Kg2 g4 37. Kf2 Kf6 38. Kg2 e6 39. Rh7 Kg5 40.
Rg7+ Kf4 41. Rf7+ Kxe4 42. Rf2 Rc3 43. Ra2 h4 44. a4 h3+ 45. Kf2 g3+ 46. hxg3
Rc1 47. Re2+ Kd3 48. Rxe6 h2 49. Rd6+ Kc2 50. Rh6 h1=Q 51. Rxa6 Qf1+ 52. Ke3
Re1+ 53. Kd4 Qc4# {Hossa checkmated} 0-1

[Event "ICS rated blitz match"]
[Site "204.178.125.65"]
[Date "2000.08.28"]
[Round "?"]
[White "PostModernist"]
[Black "Hossa"]
[Result "1-0"]
[WhiteElo "2693"]
[BlackElo "2466"]
[PlyCount "135"]
[EventDate "2000.??.??"]

1. e4 e5 2. Bc4 f5 3. d3 Nf6 4. f4 Nc6 5. fxe5 Nxe5 6. exf5 Nxc4 7. dxc4 Qe7+
8. Ne2 Qe4 9. O-O Bc5+ 10. Kh1 O-O 11. Qd3 Qh4 12. Bf4 d6 13. h3 Nh5 14. g4
Nxf4 15. Nxf4 Kh8 16. Nc3 Re8 17. Ncd5 c6 18. Nc7 Re3 19. Qd2 Rb8 20. Rae1 Re5
21. b4 Bd4 22. c3 Rxe1 23. Qxe1 Qxe1 24. Rxe1 Be5 25. Nd3 Bd7 26. Nxe5 dxe5 27.
Rxe5 Rc8 28. Ne6 Re8 29. Ng5 h5 30. Nf7+ Kg8 31. Rxe8+ Bxe8 32. Nd6 Kf8 33.
Nxb7 Ke7 34. Kg1 hxg4 35. hxg4 Bf7 36. Na5 Be8 37. a4 a6 38. Kf2 Kf6 39. Nb7
Bf7 40. b5 cxb5 41. cxb5 axb5 42. axb5 Bd5 43. Na5 Ke5 44. b6 Kd6 45. g5 Kd7
46. f6 gxf6 47. gxf6 Kd6 48. c4 Bg8 49. c5+ Kxc5 50. b7 Kd4 51. b8=Q Bf7 52.
Qf4+ Kd5 53. Qc4+ Kd6 54. Qxf7 Ke5 55. Qd5+ Kxd5 56. f7 Ke6 57. f8=Q Kd5 58.
Qg7 Ke4 59. Qf6 Kd5 60. Nb7 Ke4 61. Qd6 Kf5 62. Nc5 Kg5 63. Ne4+ Kf5 64. Qc6
Kg4 65. Qf6 Kh3 66. Qg7 Kh4 67. Qg8 Kh5 68. Qg5# {Hossa checkmated} 1-0

[Event "ICS rated blitz match"]
[Site "204.178.125.65"]
[Date "2000.08.28"]
[Round "?"]
[White "Hossa"]
[Black "PostModernist"]
[Result "1-0"]
[WhiteElo "2459"]
[BlackElo "2700"]
[PlyCount "127"]
[EventDate "2000.??.??"]

1. d4 Nf6 2. c4 e6 3. Nf3 b6 4. g3 Ba6 5. b3 Bb4+ 6. Bd2 Be7 7. Bg2 c6 8. Bc3
d5 9. Nbd2 Nbd7 10. a3 O-O 11. O-O dxc4 12. bxc4 Bb7 13. Ne1 Bd6 14. Nd3 Re8
15. Bb4 Bc7 16. e3 e5 17. Re1 e4 18. Nc1 a6 19. Qc2 c5 20. Bc3 Qe7 21. Rb1 Bd6
22. d5 b5 23. a4 b4 24. Bb2 g6 25. Ncb3 a5 26. Rbd1 g5 27. f3 exf3 28. Bxf3 g4
29. Bg2 h6 30. Qf5 Ra7 31. Qf2 Ra6 32. e4 Kh7 33. e5 Nxe5 34. Bxe5 Bxe5 35.
Nxc5 Bc8 36. Nxa6 Bxa6 37. d6 Qe6 38. Bc6 Rc8 39. d7 Rd8 40. Rxe5 Qxe5 41. Re1
Qd6 42. Ne4 Nxe4 43. Qxf7+ Kh8 44. Qe8+ Kg7 45. Qxe4 Qc5+ 46. Kh1 Bxc4 47.
Qxg4+ Kf6 48. Qf3+ Qf5 49. Qxf5+ Kxf5 50. Re8 Rxd7 51. Bxd7+ Kf6 52. Bc6 b3 53.
Kg2 Be6 54. Ra8 Bf5 55. Rb8 Be6 56. Be4 Ke5 57. Kf3 Kd4 58. Rh8 b2 59. Rxh6 Bb3
60. Rd6+ Kc5 61. Rd2 Bxa4 62. Rxb2 Be8 63. h4 a4 64. Rb8 1-0

[Event "ICS rated blitz match"]
[Site "204.178.125.65"]
[Date "2000.08.28"]
[Round "?"]
[White "PostModernist"]
[Black "Hossa"]
[Result "1-0"]
[WhiteElo "2674"]
[BlackElo "2485"]
[PlyCount "145"]
[EventDate "2000.??.??"]

1. d4 Nf6 2. c4 e6 3. Nf3 b6 4. g3 Ba6 5. b3 Bb4+ 6. Bd2 Be7 7. Bg2 c6 8. Bc3
d5 9. Ne5 Ne4 10. O-O Nxc3 11. Nxc3 O-O 12. Rc1 Re8 13. Qd3 f6 14. Ng4 Bb4 15.
Rfd1 Nd7 16. f4 Qe7 17. a4 Rad8 18. Na2 Ba5 19. Ne3 f5 20. Qc2 Nf6 21. Bf3 Ne4
22. Qb2 g5 23. b4 gxf4 24. gxf4 Qg7+ 25. Bg2 dxc4 26. bxa5 b5 27. Nb4 Bb7 28.
a6 Ba8 29. Nbc2 Rb8 30. Qb4 c5 31. Qe1 b4 32. dxc5 c3 33. Kh1 b3 34. Nd4 c2 35.
Ndxc2 bxc2 36. Rxc2 Qh6 37. Bf3 Re7 38. c6 Qxf4 39. Rd7 Qxe3 40. Rxe7 Nf2+ 41.
Kg2 Qg5+ 42. Kxf2 Qxe7 43. c7 Rc8 44. Bxa8 Rxc7 45. Rxc7 Qxc7 46. Kf3 Qxh2 47.
Qg3+ Qxg3+ 48. Kxg3 Kf7 49. Kh4 Kg6 50. Bc6 e5 51. Be8+ Kh6 52. a5 Kg7 53. Kg5
f4 54. Bh5 e4 55. Kxf4 Kh6 56. Bg4 e3 57. Kxe3 Kg5 58. Bf3 Kf6 59. Kd4 Ke6 60.
Kc5 Kd7 61. Bg4+ Kc7 62. e4 h6 63. e5 Kd8 64. Kd6 Ke8 65. e6 h5 66. Bxh5+ Kf8
67. e7+ Kg7 68. e8=Q Kh7 69. Qf7+ Kh8 70. Qf6+ Kh7 71. Bg6+ Kg8 72. Qf7+ Kh8
73. Qf8# {Hossa checkmated} 1-0

[Event "ICS rated blitz match"]
[Site "204.178.125.65"]
[Date "2000.08.28"]
[Round "?"]
[White "Hossa"]
[Black "PostModernist"]
[Result "0-1"]
[WhiteElo "2477"]
[BlackElo "2682"]
[PlyCount "112"]
[EventDate "2000.??.??"]

1. d4 Nf6 2. c4 g6 3. Nc3 d5 4. Qb3 dxc4 5. Qxc4 Bg7 6. e4 c6 7. Nf3 Be6 8. Qb4
b6 9. Ng5 a5 10. Qa4 Bc8 11. Nf3 b5 12. Qc2 O-O 13. Bd3 Bg4 14. Be3 Na6 15. a3
Ne8 16. Ne2 Bxf3 17. gxf3 Qd7 18. Rc1 Nb8 19. b3 a4 20. b4 Qh3 21. Ng3 Nf6 22.
Qc5 Re8 23. Bf1 Qe6 24. Rg1 Nfd7 25. Qc3 Qf6 26. f4 Qh4 27. Rc2 e6 28. f3 Rd8
29. Rcg2 Nf6 30. Rf2 Kh8 31. Qd2 Bh6 32. Qc1 Ra6 33. Be2 Nbd7 34. Bd3 Ng8 35.
Rfg2 Ne7 36. Bb1 Nf6 37. Bc2 Nh5 38. f5 Bxe3 39. Qxe3 Nf4 40. Rd2 exf5 41. exf5
Ned5 42. Qe5+ f6 43. Qe4 Raa8 44. fxg6 hxg6 45. Re2 Nc3 46. Qe3 Ncxe2 47. Be4
Rxd4 48. Bc2 Nxg1 49. Qxg1 Re8+ 50. Be4 Red8 51. Qxd4 Rxd4 52. Bd3 Rxd3 53. Kf1
Rd1+ 54. Kf2 Qxh2+ 55. Ke3 Qd2+ 56. Ke4 Qd4# {Hossa checkmated} 0-1

[Event "ICS rated standard match"]
[Site "204.178.125.65"]
[Date "2000.08.28"]
[Round "?"]
[White "Mefisto5000"]
[Black "Hossa"]
[Result "0-1"]
[WhiteElo "2061"]
[BlackElo "2258"]
[PlyCount "64"]
[EventDate "2000.??.??"]

1. d4 Nf6 2. c4 e6 3. Nf3 b6 4. g3 Ba6 5. b3 Bb4+ 6. Bd2 Be7 7. Nc3 d5 8. e3 c5
9. dxc5 bxc5 10. cxd5 exd5 11. Bxa6 Nxa6 12. O-O O-O 13. Na4 Qd7 14. Qe2 Qf5
15. Kg2 Nb8 16. Bc3 Ne4 17. Bb2 Nc6 18. Rac1 Qg4 19. h3 Qh5 20. Rfd1 Rfd8 21.
Rc2 Nb4 22. Rcc1 Nxa2 23. Ra1 Nb4 24. g4 Qg6 25. Ne5 Qd6 26. f4 Bh4 27. Nf3 Bf6
28. Ne5 Qe7 29. g5 Bxe5 30. Bxe5 f6 31. gxf6 gxf6 32. Bb2 Qg7+ {
Mefisto5000 resigns} 0-1

[Event "ICS rated standard match"]
[Site "204.178.125.65"]
[Date "2000.08.28"]
[Round "?"]
[White "Hossa"]
[Black "Mefisto5000"]
[Result "1-0"]
[WhiteElo "2266"]
[BlackElo "2053"]
[PlyCount "78"]
[EventDate "2000.??.??"]

1. d4 Nf6 2. c4 e6 3. Nf3 b6 4. g3 Bb7 5. Bg2 d6 6. Nc3 Nbd7 7. O-O Be7 8. d5
e5 9. Nh4 a5 10. Nf5 g6 11. Nxe7 Qxe7 12. f4 h6 13. fxe5 Nxe5 14. Nb5 O-O-O 15.
Qb3 Nfd7 16. Qc3 Nc5 17. b4 axb4 18. Qxb4 Ng4 19. Bb2 Qe3+ 20. Kh1 Nf2+ 21.
Rxf2 Qxf2 22. Bxh8 Rxh8 23. Rf1 Qxe2 24. Rxf7 Qd1+ 25. Rf1 Qc2 26. Kg1 Qxa2 27.
Qc3 Rd8 28. Bh3+ Kb8 29. Qg7 Na6 30. Qe7 Rc8 31. Bxc8 Bxc8 32. Rc1 Bh3 33. Qe4
Nc5 34. Qe8+ Bc8 35. Qc6 Na6 36. Nxc7 Nxc7 37. Qxb6+ Bb7 38. Rf1 Kc8 39. Rf8+
Kd7 {Mefisto5000 resigns} 1-0

[Event "ICS rated blitz match"]
[Site "204.178.125.65"]
[Date "2000.08.28"]
[Round "?"]
[White "StrongBach"]
[Black "Hossa"]
[Result "0-1"]
[WhiteElo "1798"]
[BlackElo "2469"]
[PlyCount "28"]
[EventDate "2000.??.??"]

1. d4 c5 2. Nc3 cxd4 3. Qxd4 Nc6 4. Qd3 Nf6 5. Bg5 Qb6 6. Bxf6 gxf6 7. b3 Bh6
8. Rd1 Nb4 9. Qf5 d5 10. Nxd5 Bxf5 11. e4 Nxd5 12. exf5 Qb4+ 13. c3 Qxc3+ 14.
Ke2 Nf4# 0-1

[Event "ICS rated bullet match"]
[Site "204.178.125.65"]
[Date "2000.08.28"]
[Round "?"]
[White "JSBach"]
[Black "Hossa"]
[Result "0-1"]
[WhiteElo "2032"]
[BlackElo "2495"]
[PlyCount "138"]
[EventDate "2000.??.??"]

1. d4 c5 2. e4 cxd4 3. Qxd4 Nc6 4. Qc4 e6 5. Nc3 Nf6 6. Be3 Ng4 7. Bf4 Qb6 8.
Nd1 Bc5 9. Nh3 O-O 10. Be2 Qb4+ 11. c3 Qxc4 12. Bxc4 Nf6 13. Bd3 d5 14. exd5
exd5 15. Ng1 Re8+ 16. Ne2 Ne5 17. Bxe5 Rxe5 18. O-O Bd7 19. Nd4 g6 20. f4 Ree8
21. Rc1 Ng4 22. b3 b5 23. f5 g5 24. b4 Bb6 25. Rc2 Ne5 26. Rd2 Nxd3 27. Rxd3 a5
28. bxa5 Rxa5 29. Ne3 b4 30. cxb4 Rxe3 31. Rxe3 Bxd4 32. bxa5 Bxe3+ 33. Kh1 f6
34. a6 Bc6 35. Rb1 Kf7 36. Rb8 Ke7 37. Rh8 Kd6 38. Rxh7 d4 39. Rh8 d3 40. Rd8+
Bd7 41. Rb8 d2 42. Rb1 Ba4 43. h4 gxh4 44. g3 hxg3 45. Kg2 d1=R 46. Rxd1+ Bxd1
47. a7 Bxa7 48. Kxg3 Ke5 49. a4 Bf2+ 50. Kxf2 Bxa4 51. Kg1 Kxf5 52. Kh2 Ke4 53.
Kg1 Kf3 54. Kh1 Kg3 55. Kg1 Bb5 56. Kh1 f5 57. Kg1 f4 58. Kh1 Bc6+ 59. Kg1 Kf3
60. Kf1 Ke3 61. Ke1 f3 62. Kf1 Bb5+ 63. Kg1 f2+ 64. Kg2 Bd7 65. Kg3 Bf5 66. Kh4
Kf4 67. Kh5 f1=R 68. Kh6 Rg1 69. Kh5 Rh1# {JSBach checkmated} 0-1

[Event "ICS rated standard match"]
[Site "204.178.125.65"]
[Date "2000.08.28"]
[Round "?"]
[White "Hossa"]
[Black "andante"]
[Result "1-0"]
[WhiteElo "2286"]
[BlackElo "2195"]
[PlyCount "32"]
[EventDate "2000.??.??"]

1. d4 Nf6 2. c4 e6 3. Nf3 c5 4. Nc3 cxd4 5. Nxd4 Nc6 6. Ndb5 d6 7. Bf4 e5 8.
Bg5 a6 9. Na3 d5 10. cxd5 Bxa3 11. bxa3 Qa5 12. Qd2 Ne7 13. Bxf6 gxf6 14. d6
Nc6 15. Nd5 Qxd2+ 16. Kxd2 O-O {andante resigns} 1-0

[Event "ICS rated blitz match"]
[Site "204.178.125.65"]
[Date "2000.08.28"]
[Round "?"]
[White "Dorky"]
[Black "Hossa"]
[Result "1/2-1/2"]
[WhiteElo "2419"]
[BlackElo "2470"]
[PlyCount "212"]
[EventDate "2000.??.??"]

1. e4 e6 2. d4 d5 3. Nd2 c5 4. exd5 exd5 5. Ngf3 Nf6 6. Bb5+ Bd7 7. Bxd7+ Nbxd7
8. O-O Be7 9. dxc5 Nxc5 10. Nb3 Nxb3 11. axb3 O-O 12. Re1 Re8 13. Be3 Qc7 14.
Bd4 Nd7 15. Re3 Qd6 16. Qe2 Nc5 17. Bxc5 Qxc5 18. Re1 Kf8 19. Ng5 h6 20. Nh7+
Kg8 21. Nf6+ gxf6 22. Qg4+ Kh7 23. Qh5 Qxc2 24. Qxf7+ Kh8 25. Rxe7 Rxe7 26.
Qxe7 Qc6 27. Qf7 Rg8 28. Qh5 Kh7 29. Qf5+ Kg7 30. g3 Qd6 31. h4 a5 32. h5 Kf7
33. Re3 d4 34. Rd3 Rg5 35. Qh7+ Ke6 36. Qxb7 Rxh5 37. Qe4+ Re5 38. Qg4+ Kf7 39.
Rxd4 Re1+ 40. Kh2 Qc6 41. Qd7+ Qxd7 42. Rxd7+ Ke6 43. Rd2 Re5 44. Kg2 Kf7 45.
Kf3 Kg6 46. Kf4 Rf5+ 47. Ke3 Re5+ 48. Kd3 Rd5+ 49. Kc3 Rc5+ 50. Kd4 Rc8 51. Re2
Rb8 52. Re3 Rb7 53. Kc5 Rb4 54. f3 Rb7 55. Kc6 Rb4 56. f4 h5 57. Kd5 Rb8 58.
Kc4 Rb4+ 59. Kc5 Rb7 60. Rd3 Rb8 61. Kc4 Rb4+ 62. Kd5 Kf5 63. Rc3 Kg6 64. Kc5
Rb7 65. Kc6 Rb8 66. Rd3 Rb4 67. Rc3 Rb8 68. Kc5 Rb7 69. Kc4 Rb4+ 70. Kd5 Rb6
71. Rd3 Rb4 72. Kc5 Rb8 73. Re3 Rb7 74. Kc6 Rb4 75. Rf3 Rb8 76. Re3 Rb4 77. Kd6
Rb7 78. Kc5 Rb8 79. Kd4 Rb4+ 80. Kc5 Rb7 81. Kd6 Rb5 82. Kc6 Rb4 83. Rd3 Rb8
84. Kc5 Rb4 85. Rf3 Rb8 86. Kc6 Rb4 87. Kd5 Rb6 88. Rc3 Rb4 89. Kd6 Rd4+ 90.
Kc6 Rb4 91. Kd7 Rd4+ 92. Kc7 Rb4 93. Rf3 Kg7 94. Rd3 Kg6 95. Kd6 Rb6+ 96. Kd7
Rb7+ 97. Kc6 Rb8 98. Kc7 Rb4 99. Kd7 Rb7+ 100. Kd6 Rb6+ 101. Kc7 Rb4 102. Rc3
Kf5 103. Kc6 Kg6 104. Re3 Kf5 105. Kc5 Kg6 106. Rd3 Rb8 1/2-1/2

[Event "ICS rated blitz match"]
[Site "204.178.125.65"]
[Date "2000.08.28"]
[Round "?"]
[White "Hossa"]
[Black "Dorky"]
[Result "1-0"]
[WhiteElo "2468"]
[BlackElo "2421"]
[PlyCount "91"]
[EventDate "2000.??.??"]

1. d4 d5 2. Nf3 c6 3. c4 Nf6 4. Nc3 e6 5. e3 Nbd7 6. cxd5 Nxd5 7. e4 Nxc3 8.
bxc3 g6 9. Bd3 Bg7 10. O-O O-O 11. Bg5 Qa5 12. Qc1 f6 13. Bf4 Qh5 14. Bd6 Rf7
15. a4 b6 16. Bc4 Nf8 17. h3 b5 18. axb5 cxb5 19. Be2 a5 20. Qe3 Rb7 21. Rfb1
Ra6 22. Bg3 Bh6 23. Qd3 Bg7 24. Nh2 Qh6 25. Ng4 Qg5 26. h4 Qxg4 27. Bxg4 Bd7
28. h5 a4 29. Rb2 a3 30. Rba2 Rba7 31. Bb8 Ra8 32. Bc7 Rc6 33. Bh2 b4 34. cxb4
f5 35. exf5 Bxd4 36. Qxd4 gxh5 37. Bf3 Rcc8 38. Bxa8 h4 39. fxe6 Bxe6 40. Rxa3
Rc4 41. Qf6 Rxb4 42. Rf3 Rf4 43. Rxf4 Ng6 44. Qxe6+ Kh8 45. Qf6+ Kg8 46. Bd5# {
Dorky checkmated} 1-0

[Event "ICS Rated blitz match"]
[Site "204.178.125.65"]
[Date "2000.08.28"]
[Round "?"]
[White "Hossa"]
[Black "PostModernist"]
[Result "0-1"]
[WhiteElo "2482"]
[BlackElo "2666"]
[PlyCount "140"]
[EventDate "2000.??.??"]

1. e4 c5 2. Nf3 g6 3. d4 Bg7 4. d5 Nf6 5. Nc3 O-O 6. Be2 e6 7. d6 Nc6 8. O-O b6
9. e5 Ng4 10. Bg5 f6 11. exf6 Nxf6 12. Qd2 Bb7 13. Bh6 Bxh6 14. Qxh6 Nb4 15.
Ng5 Qb8 16. Rad1 Qe8 17. Rd2 Kh8 18. a3 Nbd5 19. Nxd5 exd5 20. Bf3 Qe5 21. c4
Bc6 22. cxd5 Bb5 23. Rfd1 Rae8 24. Be4 Kg8 25. g3 Ba4 26. Bc2 Bxc2 27. Rxc2
Qxd6 28. Rcd2 Qe7 29. d6 Qg7 30. Qh4 b5 31. f4 h6 32. Nf3 Ne4 33. Rc2 g5 34.
fxg5 Rxf3 35. Qh5 Ref8 36. gxh6 Qf6 37. Qg4+ Kh8 38. Rd5 Rf1+ 39. Kg2 Rg1+ 40.
Kh3 Re1 41. b3 Rg8 42. Qf5 Qxh6+ 43. Qh5 Rg6 44. Qxh6+ Rxh6+ 45. Kg2 a6 46. Rd3
Rb1 47. h4 Rxd6 48. Re3 Rd4 49. Rce2 d5 50. Rf3 Ra1 51. Rf8+ Kg7 52. Rd8 Rxa3
53. Rd7+ Kf6 54. Re3 Ra2+ 55. Kf3 c4 56. Rc7 cxb3 57. Rc6+ Kf5 58. g4+ Ke5 59.
g5 b2 60. Re1 Ra3+ 61. Kg4 b1=Q 62. Re2 Qd3 63. Kh5 Qxe2+ 64. Kh6 Qg4 65. Rg6
Rc4 66. h5 Qxh5+ 67. Kg7 Rc7+ 68. Kf8 Qh8+ 69. Rg8 Rf3+ 70. Ke8 Qxg8# {
Hossa checkmated} 0-1

[Event "ICS rated standard match"]
[Site "204.178.125.65"]
[Date "2000.08.28"]
[Round "?"]
[White "counterplay"]
[Black "Hossa"]
[Result "1-0"]
[WhiteElo "2513"]
[BlackElo "2298"]
[PlyCount "107"]
[EventDate "2000.??.??"]

1. c4 e5 2. Nc3 c6 3. d4 exd4 4. Qxd4 Nf6 5. e4 d6 6. Bg5 Be7 7. O-O-O O-O 8.
Bf4 c5 9. Qd2 Nc6 10. Bxd6 Bxd6 11. Qxd6 Qxd6 12. Rxd6 Rb8 13. f4 Ng4 14. Rd2
Re8 15. Nh3 Nd4 16. Bd3 Bd7 17. e5 f6 18. Ne4 b6 19. exf6 Nxf6 20. Nhg5 h6 21.
Nxf6+ gxf6 22. Nf3 Kg7 23. Nxd4 cxd4 24. Bc2 Bc6 25. Rxd4 Re2 26. Rd6 Bxg2 27.
Rg1 Rg8 28. Bf5 Kf7 29. Rd7+ Re7 30. Rxe7+ Kxe7 31. Bh3 Bxh3 32. Rxg8 Be6 33.
Ra8 Bxc4 34. Rxa7+ Kd6 35. b3 Bd3 36. Ra8 Kd7 37. Rh8 Ke6 38. Kd2 Bf1 39. Ke3
Kf7 40. a4 Ke7 41. Rb8 b5 42. a5 b4 43. Rxb4 Kf7 44. Rb6 h5 45. a6 Bg2 46. b4
Kg6 47. b5 Kf7 48. Rc6 Bf1 49. a7 Bxb5 50. Rc7+ Ke6 51. a8=Q h4 52. Qe4+ Kd6
53. Qe7+ Kd5 54. Rc5# {Hossa checkmated} 1-0

[Event "ICS rated standard match"]
[Site "204.178.125.65"]
[Date "2000.08.28"]
[Round "?"]
[White "Hossa"]
[Black "nitmo"]
[Result "1-0"]
[WhiteElo "2291"]
[BlackElo "1953"]
[PlyCount "127"]
[EventDate "2000.??.??"]

1. d4 d5 2. Nf3 Nc6 3. Bf4 Nf6 4. Nc3 a6 5. e3 Nh5 6. Bg5 h6 7. Bh4 g5 8. Ne5
Nxe5 9. dxe5 Ng7 10. Bg3 c6 11. e4 d4 12. Ne2 Qa5+ 13. c3 dxc3 14. Nxc3 e6 15.
Be2 Bb4 16. O-O Bxc3 17. bxc3 b5 18. Qd4 Bb7 19. Qc5 O-O-O 20. Rfd1 Rxd1+ 21.
Bxd1 Rd8 22. Bf3 h5 23. h4 g4 24. Bd1 Qc7 25. a4 Qd7 26. axb5 axb5 27. Be2 Qc7
28. Ra2 Ne8 29. Qe3 Qe7 30. Qh6 Qc5 31. Qxh5 Qxc3 32. Qxf7 Qb3 33. Bxg4 Nc7 34.
Ra1 Qc4 35. Kh1 b4 36. Rb1 c5 37. f3 Kb8 38. Re1 b3 39. Qe7 Rd2 40. Bf4 Ra2 41.
Rd1 b2 42. Qd8+ Ka7 43. Kh2 Ra1 44. Be3 Rxd1 45. Qxd1 Qb4 46. Qb1 Nb5 47. Bxe6
Nc3 48. Bxc5+ Qxc5 49. Qxb2 Qxe5+ 50. Kh1 Qxe6 51. Qxc3 Qh6 52. g3 Qd6 53. Kg2
Qd1 54. g4 Qe2+ 55. Kg3 Qf1 56. Qe3+ Ka8 57. h5 Qa6 58. g5 Qd6+ 59. e5 Qc6 60.
Qa3+ Kb8 61. Qd6+ Qxd6 62. exd6 Kc8 63. g6 Kd7 64. h6 {nitmo resigns} 1-0

[Event "ICS Rated blitz match"]
[Site "204.178.125.65"]
[Date "2000.08.28"]
[Round "?"]
[White "QueenMaxima"]
[Black "Hossa"]
[Result "1-0"]
[WhiteElo "2659"]
[BlackElo "2474"]
[PlyCount "189"]
[EventDate "2000.??.??"]

1. d4 c5 2. d5 Nf6 3. Nf3 b5 4. Bg5 Bb7 5. Bxf6 gxf6 6. e4 a6 7. Be2 d6 8. O-O
Bg7 9. a4 bxa4 10. Nc3 Rg8 11. Qd2 f5 12. exf5 Bxc3 13. bxc3 Nd7 14. c4 Bc8 15.
Qh6 Nf6 16. Bd3 Qa5 17. Rfe1 Qc3 18. Ng5 Rb8 19. Nxh7 Nxh7 20. Qxd6 Rb7 21.
Qxc5 Kd8 22. d6 exd6 23. Qxd6+ Rd7 24. Qb6+ Rc7 25. Rad1 Qf6 26. Be4+ Bd7 27.
Qb8+ Rc8 28. Rxd7+ Kxd7 29. Rd1+ Ke7 30. Qb7+ Kf8 31. Qxc8+ Kg7 32. Qd7 a3 33.
c3 a2 34. Qd3 Re8 35. Bd5 Qe5 36. Qd2 Qe2 37. Qxe2 Rxe2 38. f3 Rb2 39. Be4 Nf6
40. Bd3 Rd2 41. Ra1 Rxd3 42. Rxa2 Rxc3 43. Ra4 a5 44. h4 Nh5 45. Rxa5 Rxc4 46.
g4 Nf4 47. h5 Rc1+ 48. Kf2 Rc2+ 49. Ke3 Ng2+ 50. Kd4 Rd2+ 51. Ke4 Re2+ 52. Kd3
Re7 53. Kd4 Ne1 54. f4 Nf3+ 55. Kd3 Rd7+ 56. Ke3 Nd2 57. Ra6 Nc4+ 58. Kf3 Nd6
59. Rb6 Rd8 60. Rc6 Nb5 61. h6+ Kh7 62. Ke4 Kg8 63. g5 Re8+ 64. Kd5 Rd8+ 65.
Ke5 Nd4 66. Rc7 Nb5 67. Re7 Kf8 68. f6 Nc3 69. Kf5 Rd5+ 70. Kg4 Kg8 71. g6 fxg6
72. Re8+ Kf7 73. h7 Rh5 74. h8=R Rxh8 75. Rxh8 Kxf6 76. Rc8 Ne4 77. Rc4 Nd2 78.
Rd4 Nb3 79. Rd6+ Kf7 80. Kg5 Ke7 81. Rxg6 Nd4 82. f5 Nf3+ 83. Kf4 Nd4 84. Ke4
Nb5 85. Ke5 Nc3 86. Rg7+ Kf8 87. f6 Nb5 88. Rb7 Nc3 89. Ke6 Kg8 90. f7+ Kg7 91.
Rb8 Ne4 92. Rg8+ Kh6 93. f8=Q+ Kh5 94. Qf5+ Kh6 95. Qg6# {Hossa checkmated} 1-0